[Event "Oregon-ch"]
[Site "Portland"]
[Date "2018.09.15"]
[Round "2"]
[White "Russell, Corey J"]
[Black "Haessler, Carl A"]
[Result "1-0"]
[WhiteElo "2225"]
[BlackElo "2200"]
[PlyCount "97"]
[EventDate "2018.09.14"]
[EventType "tourn"]
[EventRounds "9"]
[EventCountry "USA"]
[SourceTitle "EXT 2024"]
[Source "ChessBase"]
[SourceDate "2023.10.10"]
[SourceVersion "1"]
[SourceVersionDate "2023.10.10"]
[SourceQuality "1"]

1. Nf3 c5 2. c4 Nc6 3. Nc3 g6 4. e3 Bg7 5. d4 d6 6. d5 Bxc3+ 7. bxc3 Ne5 8. Nxe5 dxe5 9. e4 Nf6 10. Bd3 0-0 11. Bh6 Re8 12. h3 Qa5 13. Qd2 Bd7 14. Rc1 Rac8 15. f4 Qc7 16. g4 b5 17. cxb5 c4 18. Bb1 Bxb5 19. f5 Rb8 20. 0-0 Nd7 21. fxg6 hxg6 22. Qf2 f6 23. Be3 Kg7 24. Bc2 Rh8 25. h4 Nb6 26. Rcd1 Nc8 27. g5 Qd8 28. d6 exd6 29. gxf6+ Kf7 30. Rd2 Qa5 31. Qg3 Bc6 32. Rg2 Rg8 33. Bh6 g5 34. hxg5 Rg6 35. Qe3 Rb2 36. Bd1 Qb6 37. Qxb6 Rxg2+ 38. Kxg2 Bxe4+ 39. Bf3 Bxf3+ 40. Kxf3 Nxb6 41. Ke4 Na4 42. Rf3 Nc5+ 43. Kf5 e4 44. Rf1 d5 45. Rb1 e3 46. Rb8 Rxh6 47. gxh6 e2 48. h7 e1Q 49. h8N# 1-0

[Event "Oregon-ch"]
[Site "Portland"]
[Date "2015.02.14"]
[Round "6"]
[White "Grabinsky, Aaron"]
[Black "Russell, Corey J"]
[Result "1-0"]
[WhiteElo "2147"]
[BlackElo "2151"]
[PlyCount "74"]
[EventDate "2015.02.07"]
[EventType "tourn"]
[EventRounds "9"]
[EventCountry "USA"]
[SourceTitle "EXT 2017"]
[Source "ChessBase"]
[SourceDate "2016.10.25"]
[SourceVersion "1"]
[SourceVersionDate "2016.10.25"]
[SourceQuality "1"]

1. e4 c5 2. Nc3 d6 3. f4 Nc6 4. Nf3 a6 5. g3 g6 6. Bg2 Bg7 7. d3 e6 8. 0-0 Nge7 9. Be3 Nd4 10. Rb1 0-0 11. Ne2 Nxf3+ 12. Bxf3 Qc7 13. c3 Bd7 14. Qd2 f5 15. Rbd1 Bc6 16. Bg2 Rad8 17. Qc2 b6 18. d4 fxe4 19. Bxe4 Nd5 20. Bc1 c4 21. h3 Nf6 22. Bxc6 Qxc6 23. Kh2 Kh8 24. Ng1 b5 25. Rde1 e5 26. fxe5 dxe5 27. dxe5 Nh5 28. Rxf8+ Rxf8 29. Qg2 Qxg2+ 30. Kxg2 h6 31. h4 Kh7 32. g4 Nf4+ 33. Bxf4 Rxf4 34. Kg3 Rf8 35. Nf3 Re8 36. Kf4 Kg8 37. Rd1 Kf7 1-0

[Event "Oregon-ch"]
[Site "Portland"]
[Date "2014.02.23"]
[Round "9"]
[White "Raptis, Nick"]
[Black "Russell, Corey J"]
[Result "1-0"]
[WhiteElo "2312"]
[BlackElo "2129"]
[PlyCount "77"]
[EventDate "2014.02.15"]
[EventType "tourn"]
[EventRounds "9"]
[EventCountry "USA"]
[SourceTitle "EXT 2017"]
[Source "ChessBase"]
[SourceDate "2016.10.25"]
[SourceVersion "1"]
[SourceVersionDate "2016.10.25"]
[SourceQuality "1"]

1. Nf3 Nf6 2. c4 e6 3. g3 d5 4. Bg2 Be7 5. 0-0 0-0 6. d4 Nc6 7. Nbd2 Ne4 8. Qc2 f5 9. e3 Rb8 10. a3 Bd7 11. b4 Bf6 12. b5 Ne7 13. a4 g5 14. Ba3 Rf7 15. cxd5 exd5 16. Ne5 Rg7 17. Rac1 Rc8 18. Nxe4 fxe4 19. Qb3 Bxe5 20. Bxe7 Qxe7 21. Qxd5+ Qe6 22. Qxe5 Qxe5 23. dxe5 a6 24. Bxe4 axb5 25. Bxb7 Rb8 26. Bd5+ Kf8 27. a5 c6 28. Bxc6 Bxc6 29. Rxc6 Ra7 30. a6 b4 31. Rfc1 b3 32. Rc8+ Rxc8 33. Rxc8+ Ke7 34. Rb8 Rxa6 35. Rxb3 Ke6 36. Rb5 h5 37. Kg2 g4 38. Rb8 Kf5 39. Rf8+ 1-0

[Event "Oregon-ch+"]
[Site "Portland"]
[Date "2014.02.15"]
[Round "2"]
[White "Yu, Corbin Z"]
[Black "Russell, Corey J"]
[Result "0-1"]
[WhiteElo "2172"]
[BlackElo "2129"]
[PlyCount "56"]
[EventDate "2014.02.15"]
[EventType "tourn"]
[EventRounds "9"]
[EventCountry "USA"]
[SourceTitle "EXT 2017"]
[Source "ChessBase"]
[SourceDate "2016.10.25"]
[SourceVersion "1"]
[SourceVersionDate "2016.10.25"]
[SourceQuality "1"]

1. Nf3 Nf6 2. g3 d5 3. Bg2 Bg4 4. c4 Nc6 5. cxd5 Nxd5 6. d4 e6 7. 0-0 Be7 8. Nc3 0-0 9. h3 Bh5 10. e3 f5 11. Qb3 Rb8 12. Bd2 g5 13. Rac1 Bf7 14. Qc2 Qd7 15. a3 g4 16. Nxd5 exd5 17. Ne1 f4 18. gxf4 gxh3 19. Bf3 Kh8 20. Kh1 Rg8 21. Nd3 h2 22. f5 Qxf5 23. Ne5 Qf6 24. Qd1 Be6 25. Qe2 Qh4 26. Bg2 Nxe5 27. dxe5 Rxg2 28. Kxg2 h1Q+ 0-1

[Event "Oregon-ch"]
[Site "Portland"]
[Date "2013.02.17"]
[Round "7"]
[White "Gutman, Richard George"]
[Black "Russell, Corey J"]
[Result "0-1"]
[WhiteElo "2099"]
[BlackElo "2155"]
[PlyCount "66"]
[EventDate "2013.02.09"]
[EventType "tourn"]
[EventRounds "9"]
[EventCountry "USA"]
[SourceTitle "EXT 2017"]
[Source "ChessBase"]
[SourceDate "2016.10.25"]
[SourceVersion "1"]
[SourceVersionDate "2016.10.25"]
[SourceQuality "1"]

1. g3 Nf6 2. Bg2 d5 3. c4 e6 4. Nf3 Be7 5. 0-0 0-0 6. d3 c5 7. Nbd2 d4 8. b4 cxb4 9. a3 Nc6 10. Nb3 e5 11. axb4 Bxb4 12. Ba3 Bxa3 13. Rxa3 Bd7 14. Nc5 Qe7 15. Nxd7 Qxa3 16. Nxf8 Rxf8 17. Qb1 b6 18. Qb5 Qd6 19. Ra1 Rc8 20. Nd2 Na5 21. Bh3 Rc5 22. Qb4 g6 23. Nb1 e4 24. Na3 Nc6 25. Qb2 Rh5 26. Bg2 Ng4 27. dxe4 Rxh2 28. f4 Rxg2+ 29. Kxg2 Qe6 30. Kf3 f5 31. e5 Ncxe5+ 32. fxe5 Qc6+ 33. Kf4 Qe4+ 0-1

[Event "Oregon-ch"]
[Site "Portland"]
[Date "2013.02.10"]
[Round "3"]
[White "Haessler, Carl A"]
[Black "Russell, Corey J"]
[Result "1/2-1/2"]
[WhiteElo "2167"]
[BlackElo "2155"]
[PlyCount "88"]
[EventDate "2013.02.09"]
[EventType "tourn"]
[EventRounds "9"]
[EventCountry "USA"]
[SourceTitle "EXT 2017"]
[Source "ChessBase"]
[SourceDate "2016.10.25"]
[SourceVersion "1"]
[SourceVersionDate "2016.10.25"]
[SourceQuality "1"]

1. Nf3 Nf6 2. g3 d5 3. Bg2 c6 4. 0-0 Bg4 5. d3 e6 6. Nbd2 Be7 7. h3 Bh5 8. e4 0-0 9. g4 Bg6 10. Ne5 Nbd7 11. Nxg6 hxg6 12. f4 Qb6+ 13. Kh1 a5 14. Qe2 Rfe8 15. e5 Nh7 16. Nf3 Bc5 17. c3 Qa6 18. Qc2 a4 19. h4 Ba7 20. Ng5 Nxg5 21. hxg5 Nc5 22. Rf3 Kf8 23. Bf1 b5 24. d4 Ne4 25. Bd3 Ke7 26. Kg2 Rh8 27. Bxe4 dxe4 28. Rh3 Rxh3 29. Kxh3 b4 30. Be3 a3 31. cxb4 axb2 32. Qxb2 Qd3 33. Re1 Rd8 34. Qb1 Bxd4 35. Qxd3 exd3 36. Bd2 Ra8 37. Kg3 Rxa2 38. Rd1 Rc2 39. Kf3 Bc3 40. Ke3 Bxd2+ 41. Rxd2 Rc4 42. Rxd3 Rxb4 43. Ra3 Rb7 44. Ra8 c5 1/2-1/2

[Event "Oz.com qual blitz"]
[Site "ICC INT"]
[Date "2000.03.05"]
[Round "1"]
[White "Russell, Corey J"]
[Black "Gulko, Boris F"]
[Result "0-1"]
[WhiteElo "2284"]
[BlackElo "2644"]
[PlyCount "74"]
[EventDate "2000.03.05"]
[EventType "swiss (blitz)"]
[EventRounds "9"]
[EventCountry "USA"]
[SourceTitle "EXT 2001"]
[Source "ChessBase"]
[SourceDate "2000.11.22"]
[SourceVersion "1"]
[SourceVersionDate "2000.11.22"]
[SourceQuality "1"]

1. d4 Nf6 2. c4 e6 3. Nc3 Bb4 4. a3 Bxc3+ 5. bxc3 c5 6. e3 b6 7. Bd3 Bb7 8. f3 Nc6 9. Ne2 0-0 10. e4 Ne8 11. 0-0 Rc8 12. Be3 Na5 13. d5 Ba6 14. f4 Bxc4 15. Ng3 exd5 16. exd5 Nf6 17. d6 Re8 18. Nf5 g6 19. Ne7+ Rxe7 20. dxe7 Qxe7 21. Re1 Qf8 22. f5 Re8 23. Bxc4 Nxc4 24. Bg5 Ne4 25. Qg4 d5 26. fxg6 hxg6 27. Qd7 Re5 28. Bf4 Rf5 29. Bg3 Qg7 30. Rf1 Qxc3 31. Rad1 Qe3+ 32. Kh1 Nxg3+ 33. hxg3 Rh5+ 34. Qh3 Rxh3+ 35. gxh3 Qxg3 36. Rxd5 Ne3 37. Rd8+ Kg7 0-1

[Event "Washington State-chA"]
[Site "Seattle"]
[Date "1994.??.??"]
[Round "4"]
[White "Jimenez Molina, Juan Leon"]
[Black "Russell, Corey J"]
[Result "1-0"]
[WhiteElo "2240"]
[BlackElo "2275"]
[PlyCount "99"]
[EventDate "1994.02.12"]
[EventType "tourn"]
[EventRounds "9"]
[EventCountry "USA"]
[SourceTitle "EXT 2024"]
[Source "ChessBase"]
[SourceDate "2023.10.10"]
[SourceVersion "1"]
[SourceVersionDate "2023.10.10"]
[SourceQuality "1"]

1. Nf3 c5 2. c4 Nc6 3. g3 e5 4. Nc3 g6 5. Bg2 Bg7 6. 0-0 Nge7 7. Ne1 0-0 8. d3 d6 9. Nc2 f5 10. Ne3 h6 11. Ned5 Be6 12. Rb1 Rc8 13. a3 Kh7 14. Bd2 Bg8 15. b4 b6 16. b5 Nd4 17. Nxe7 Qxe7 18. e3 Ne6 19. Nd5 Qd7 20. a4 Nc7 21. e4 Nxd5 22. exd5 Bf7 23. Bc3 g5 24. Ra1 Bg6 25. Qe2 Kh8 26. a5 f4 27. axb6 axb6 28. Ra6 g4 29. Be4 f3 30. Qe3 Qf7 31. Rxb6 Bxe4 32. Qxe4 Qh5 33. h4 Rcd8 34. Ra1 Bf6 35. Ra7 Bg7 36. Raa6 Rf4 37. Qe3 Rf6 38. Rc6 Bf8 39. Ba5 Re8 40. b6 Be7 41. b7 Rff8 42. Rxd6 Bxd6 43. Rxd6 Kg7 44. Bc7 Rf7 45. b8Q Rxb8 46. Bxb8 Rb7 47. Rd8 Rb1+ 48. Kh2 Rf1 49. Bxe5+ Kf7 50. Qf4+ 1-0

[Event "Washington State-chA"]
[Site "Seattle"]
[Date "1994.??.??"]
[Round "2"]
[White "Pupols, Viktors"]
[Black "Russell, Corey J"]
[Result "0-1"]
[WhiteElo "2270"]
[BlackElo "2275"]
[PlyCount "120"]
[EventDate "1994.02.12"]
[EventType "tourn"]
[EventRounds "9"]
[EventCountry "USA"]
[SourceTitle "EXT 2024"]
[Source "ChessBase"]
[SourceDate "2023.10.10"]
[SourceVersion "1"]
[SourceVersionDate "2023.10.10"]
[SourceQuality "1"]

1. d4 Nf6 2. b4 e6 3. a3 b6 4. Nf3 Be7 5. e3 0-0 6. Bd3 a5 7. b5 Bb7 8. Nbd2 d6 9. 0-0 Nbd7 10. Bb2 Re8 11. e4 Bf8 12. Re1 e5 13. c3 g6 14. Qc2 Bg7 15. Nf1 Nh5 16. Ng3 Nf4 17. Bf1 h5 18. Rad1 Qe7 19. Ne2 Ne6 20. Bc1 Rad8 21. Be3 Bf6 22. g3 h4 23. d5 Nec5 24. gxh4 Bxh4 25. Nxh4 Qxh4 26. Ng3 Kg7 27. f3 Rh8 28. Re2 f6 29. Rf2 Bc8 30. f4 Rdf8 31. Be2 exf4 32. Bxf4 Ne5 33. Qd2 g5 34. Bxe5 fxe5 35. Qe3 Rxf2 36. Qxf2 Nxe4 37. Nxe4 Qxe4 38. Rf1 Qf4 39. Qg2 Qe3+ 40. Kh1 Bh3 41. Qg1 Qxg1+ 42. Rxg1 Kh6 43. Rg3 Bf5 44. Kg2 Rf8 45. Re3 g4 46. Kg3 Kg5 47. Bd1 Bd7 48. a4 Rh8 49. Kg2 Bf5 50. Be2 Kf4 51. Rg3 Be4+ 52. Kg1 Bf3 53. Bxf3 gxf3 54. Rg7 e4 55. Rxc7 Rg8+ 56. Kf1 Rg2 57. Rf7+ Ke3 58. h4 Rc2 59. Kg1 Rc1+ 60. Kh2 f2 0-1

[Event "US Open-94"]
[Site "Philadelphia"]
[Date "1993.??.??"]
[Round "?"]
[White "Benjamin, Joel"]
[Black "Russell, Corey J"]
[Result "1-0"]
[WhiteElo "2590"]
[BlackElo "2285"]
[PlyCount "65"]
[EventDate "1993.08.07"]
[EventType "swiss"]
[EventRounds "9"]
[EventCountry "USA"]
[SourceTitle "EXT 2004"]
[Source "ChessBase"]
[SourceDate "2003.11.25"]
[SourceVersion "1"]
[SourceVersionDate "2003.11.25"]
[SourceQuality "1"]

1. d4 Nf6 2. c4 g6 3. Nc3 Bg7 4. e4 d6 5. h3 0-0 6. Bg5 c5 7. d5 e6 8. Bd3 Re8 9. Nf3 exd5 10. cxd5 a6 11. a4 Nbd7 12. 0-0 Qc7 13. Re1 h6 14. Bf4 Rb8 15. Bc4 Nh5 16. Bh2 Ne5 17. Be2 Nf6 18. Bxe5 dxe5 19. a5 Rd8 20. Nd2 Ne8 21. Nc4 Nd6 22. Nb6 Bd7 23. Qb3 Nc8 24. Nxd7 Rxd7 25. Bg4 Rd8 26. Bxc8 Rdxc8 27. Na4 Re8 28. Qc3 Rec8 29. Nb6 Rd8 30. Rec1 Bf8 31. b4 f5 32. bxc5 fxe4 33. Ra4 1-0